000 01626cac a22002771u 4500
090 _c3861
008 081201t1999xxu||||| |||| 00| 0 eng d
010 _a98041091
020 _a0132607611
082 0 0 _a657.95
_bCHO
100 _aChoi, Frederick D. S.,
245 1 0 _aInternational Accounting /
_cFrederick D.S. Choi, Carol Ann Frost, Gary K. Meek.
250 _a3rd ed.
_bInternational Edition.
260 _aUpper Saddle River, N.J. :
_bPrentice Hall,
_cc1999.
300 _axvi, 479 p. :
_bill. ;
_c24 cm.
504 _aIncludes bibliographical references and index.
650 0 _aInternational business enterprises
_xAccounting.
700 1 _aFrost, Carol Ann.
700 1 _aMeek, Gary K.,
_d1949-
942 _cBB
_k657.95CHO
_2ddc
999 _c3861
_d3861